000 00362nam a22001217a 4500
040 _cSY
082 _a658
100 _aសៀក សូផាត
245 _aការធ្វើផែនការ និងគ្រប់គ្រងធនធានធម្មជាតិចម្រុះ
260 _aRUA
_bសៀក
_c2006
300 _a153p.
942 _cKB
999 _c9192
_d9192